000 00492nam a2200169 i 4500
001 50867
003 ES-MaACL
005 20230906162242.0
007 t|
008 030807s1936 fr ||||1| fre d
100 1 _aCuénot, Lucien.
_942013
245 1 0 _aIntroduction a la Génétique /
_cLucien Cuenot et Jean Rostand.
260 _aParís :
_bTournier et Coustans,
_c1936 (
_fImp. Remmerlé)
300 _a136 p. ;
_c18 cm.
700 1 _aRostand, Jean.
_999922
852 _aES-MaACL
_jA-4257
999 _c50867
_d50867